[Event "ISR-ch op"]
[Site "Acre"]
[Date "2024.01.24"]
[Round "4"]
[White "Noy, Shalom"]
[Black "Gov, Guy"]
[Result "0-1"]
[WhiteElo "1924"]
[BlackElo "2127"]
[PlyCount "54"]
[EventDate "2024.01.21"]
[EventType "swiss"]
[EventRounds "9"]
[EventCountry "ISR"]
[SourceTitle "CB05_2024"]
[SourceDate "2024.01.31"]
[SourceVersion "1"]
[SourceVersionDate "2024.01.31"]
[SourceQuality "1"]

1. d4 d5 2. c4 e6 3. Nc3 Nf6 4. cxd5 exd5 5. Bg5 Nbd7 6. e3 Be7 7. Bd3 0-0 8. Qc2 Re8 9. Nge2 Nf8 10. 0-0 c6 11. f3 g6 12. Rad1 Ne6 13. Bh4 b5 14. h3 Bb7 15. Bf2 Rc8 16. e4 b4 17. Na4 Qa5 18. Rc1 Nd7 19. exd5 cxd5 20. Qb3 Bc6 21. Nc5 Nexc5 22. dxc5 Bxc5 23. Qd1 Bxf2+ 24. Rxf2 Ne5 25. Nd4 Bb7 26. Rxc8 Rxc8 27. Kf1 Nxd3 0-1

[Event "Wch U20 59th"]
[Site "Cala Gonone"]
[Date "2022.10.20"]
[Round "9"]
[White "Gov, Guy"]
[Black "Casadio, Niccolo"]
[Result "1-0"]
[WhiteElo "2121"]
[BlackElo "2201"]
[PlyCount "63"]
[EventDate "2022.10.12"]
[EventType "swiss"]
[EventRounds "11"]
[EventCountry "ITA"]
[SourceTitle "CBM 210 Extra"]
[Source "ChessBase"]
[SourceDate "2022.11.30"]
[SourceVersion "1"]
[SourceVersionDate "2022.11.30"]
[SourceQuality "1"]

1. e4 e6 2. d4 d5 3. e5 c5 4. c3 Nc6 5. Nf3 Qb6 6. a3 Nh6 7. b4 cxd4 8. cxd4 Nf5 9. Bb2 Bd7 10. g4 Nh6 11. Rg1 f6 12. exf6 gxf6 13. Nc3 Rg8 14. g5 fxg5 15. Na4 Qd8 16. b5 Na5 17. Ne5 g4 18. Bd3 Qh4 19. Rg2 Qh3 20. Kf1 Bd6 21. Nc5 Bxe5 22. dxe5 Rc8 23. Rc1 b6 24. Na6 Kf7 25. Kg1 Rxc1 26. Bxc1 Rc8 27. Rg3 Qh5 28. Bxh6 Qxh6 29. Qxg4 Nc4 30. Rf3+ Ke7 31. Rh3 Nxe5 32. Qb4+ 1-0

[Event "Wch U20 59th"]
[Site "Cala Gonone"]
[Date "2022.10.14"]
[Round "4"]
[White "Gov, Guy"]
[Black "Siddharth, Jagadeesh"]
[Result "0-1"]
[WhiteElo "2121"]
[BlackElo "2415"]
[PlyCount "82"]
[EventDate "2022.10.12"]
[EventType "swiss"]
[EventRounds "11"]
[EventCountry "ITA"]
[SourceTitle "CBM 210 Extra"]
[Source "ChessBase"]
[SourceDate "2022.11.30"]
[SourceVersion "1"]
[SourceVersionDate "2022.11.30"]
[SourceQuality "1"]

1. e4 c6 2. d4 d5 3. Nc3 dxe4 4. Nxe4 Nf6 5. Nxf6+ exf6 6. c3 Bd6 7. Bd3 0-0 8. Ne2 Re8 9. Qc2 h5 10. Be3 Nd7 11. 0-0-0 Nf8 12. Ng3 g6 13. Ne4 Be7 14. Kb1 Be6 15. h3 h4 16. g3 f5 17. Nd2 Bd6 18. Bh6 hxg3 19. fxg3 Bxg3 20. h4 Bd5 21. Rh3 f4 22. Ne4 Bxe4 23. Bxe4 Qe7 24. Bd3 Ne6 25. Rf1 Rad8 26. Bc4 b5 27. Bg5 Qd7 28. Bb3 c5 29. Bxd8 c4 30. Bf6 Nxd4 31. Qg2 Qf5+ 32. Ka1 Nxb3+ 33. axb3 Qxf6 34. bxc4 bxc4 35. Qb7 Qe6 36. Rhh1 Qf5 37. h5 Re5 38. Qb8+ Kg7 39. b4 cxb3 40. Kb2 Qc2+ 41. Ka3 Qxc3 0-1

[Event "Wch U20 59th"]
[Site "Cala Gonone"]
[Date "2022.10.13"]
[Round "3"]
[White "Porcu, Riccardo"]
[Black "Gov, Guy"]
[Result "0-1"]
[WhiteElo "1759"]
[BlackElo "2121"]
[PlyCount "64"]
[EventDate "2022.10.12"]
[EventType "swiss"]
[EventRounds "11"]
[EventCountry "ITA"]
[SourceTitle "CBM 210 Extra"]
[Source "ChessBase"]
[SourceDate "2022.11.30"]
[SourceVersion "1"]
[SourceVersionDate "2022.11.30"]
[SourceQuality "1"]

1. e4 e5 2. Nc3 Nf6 3. f4 d5 4. fxe5 Nxe4 5. Nf3 Bc5 6. d4 Bb4 7. Bd2 Nxd2 8. Qxd2 Bf5 9. Bd3 Bxd3 10. Qxd3 0-0 11. 0-0-0 Nc6 12. h4 Bxc3 13. bxc3 Qe7 14. Ng5 g6 15. Rdf1 Na5 16. Rf6 Nc4 17. Qh3 Qa3+ 18. Kd1 Qxa2 19. h5 Qb1+ 20. Ke2 Qxc2+ 21. Kf1 Qc1+ 22. Kf2 Qd2+ 23. Kf1 Qxg5 24. hxg6 h5 25. gxf7+ Kg7 26. Qd3 Nd2+ 27. Kg1 Ne4 28. Rf3 Rxf7 29. Rhh3 Rxf3 30. Qxf3 h4 31. c4 Rf8 32. Qa3 Ng3 0-1

[Event "EU-Cup 37th"]
[Site "Mayrhofen"]
[Date "2022.10.05"]
[Round "3.5"]
[White "Jeitz, Christian"]
[Black "Gov, Guy"]
[Result "1-0"]
[WhiteElo "2201"]
[BlackElo "2121"]
[PlyCount "81"]
[EventDate "2022.10.03"]
[EventType "team-swiss"]
[EventRounds "7"]
[EventCountry "AUT"]
[SourceTitle "CBM 210 Extra"]
[Source "ChessBase"]
[SourceDate "2022.11.30"]
[SourceVersion "1"]
[SourceVersionDate "2022.11.30"]
[SourceQuality "1"]
[WhiteTeam "Wirtzfeld"]
[BlackTeam "Haifa Nesher"]
[WhiteTeamCountry "BEL"]
[BlackTeamCountry "ISR"]

1. e4 e5 2. Nf3 Nc6 3. Bb5 a6 4. Ba4 Nf6 5. 0-0 Nxe4 6. Re1 Nc5 7. Bxc6 dxc6 8. Nxe5 Be7 9. d4 Ne6 10. c3 0-0 11. Be3 f6 12. Nc4 Qd5 13. Qb3 Kh8 14. Nbd2 Bd7 15. Nf3 Rae8 16. Ncd2 Qh5 17. Nf1 g5 18. Qxb7 g4 19. N3d2 Rb8 20. Qxa6 f5 21. f4 gxf3 22. Nxf3 f4 23. Bd2 Rb5 24. c4 Rbf5 25. Bc3 Kg8 26. c5 R8f6 27. Qd3 Rh6 28. Re5 Rxe5 29. Nxe5 Be8 30. Re1 Ng5 31. Nf3 Bg6 32. Qe2 Bf6 33. a4 Ne4 34. a5 Bh4 35. Nxh4 Qxh4 36. a6 Ng3 37. hxg3 fxg3 38. Qe6+ Bf7 39. Qh3 Qf6 40. Qxg3+ Rg6 41. Qf2 1-0

[Event "ISR-chT U18"]
[Site "Beer Yaakov"]
[Date "2022.08.16"]
[Round "7.1"]
[White "Gov, Guy"]
[Black "Michaeli, Omri"]
[Result "1-0"]
[WhiteElo "2166"]
[BlackElo "1871"]
[PlyCount "45"]
[EventDate "2022.08.14"]
[EventType "team-swiss"]
[EventRounds "7"]
[EventCountry "ISR"]
[SourceTitle "CBM 209 Extra"]
[Source "ChessBase"]
[SourceDate "2022.09.30"]
[SourceVersion "1"]
[SourceVersionDate "2022.09.30"]
[SourceQuality "1"]

1. e4 e5 2. Nf3 Nc6 3. d4 exd4 4. Bc4 Nf6 5. 0-0 Bc5 6. e5 d5 7. exf6 dxc4 8. fxg7 Rg8 9. Bg5 Qd5 10. Nc3 Qf5 11. Re1+ Be6 12. Ne4 Rxg7 13. Nh4 Qxg5 14. Nxg5 Rxg5 15. f4 d3+ 16. Kh1 dxc2 17. Qxc2 Rh5 18. f5 Nd4 19. Qe4 Rxh4 20. Qxh4 Nxf5 21. Qxc4 b6 22. b4 Ne7 23. Rxe6 1-0

[Event "ISR-chT U18"]
[Site "Beer Yaakov"]
[Date "2022.08.14"]
[Round "2.1"]
[White "Rozen, Eytan"]
[Black "Gov, Guy"]
[Result "1-0"]
[WhiteElo "2456"]
[BlackElo "2166"]
[PlyCount "81"]
[EventDate "2022.08.14"]
[EventType "team-swiss"]
[EventRounds "7"]
[EventCountry "ISR"]
[SourceTitle "CBM 209 Extra"]
[Source "ChessBase"]
[SourceDate "2022.09.30"]
[SourceVersion "1"]
[SourceVersionDate "2022.09.30"]
[SourceQuality "1"]

1. c4 e6 2. g3 d5 3. Bg2 Nf6 4. Nf3 dxc4 5. Qa4+ Nbd7 6. Qxc4 a6 7. Qc2 c5 8. 0-0 Qc7 9. d4 b6 10. Bf4 Bd6 11. Ne5 Nd5 12. Nxd7 Bxd7 13. Bxd6 Qxd6 14. dxc5 bxc5 15. Nc3 Nb4 16. Rad1 Nxc2 17. Rxd6 Ra7 18. e3 Ke7 19. Rd2 Nb4 20. a3 Nc6 21. Ne4 c4 22. Nc5 Rb8 23. Rxd7+ Rxd7 24. Bxc6 Rd2 25. Na4 Kd6 26. Bf3 Ke7 27. Rc1 Rc8 28. Bb7 Rc7 29. Bxa6 Ra7 30. Bb5 Ra5 31. Bc6 Rf5 32. f4 Rh5 33. Bg2 e5 34. Rxc4 exf4 35. Rxf4 Rb5 36. b4 Rb8 37. Nc5 Rbd8 38. Re4+ Kf8 39. Rd4 R8xd4 40. exd4 Rxd4 41. b5 1-0

[Event "ISR-chT"]
[Site "Israel"]
[Date "2022.01.22"]
[Round "4.6"]
[White "Gov, Guy"]
[Black "Postny, Evgeny"]
[Result "0-1"]
[WhiteElo "2225"]
[BlackElo "2568"]
[PlyCount "74"]
[EventDate "2022.01.14"]
[EventType "team-tourn"]
[EventRounds "11"]
[EventCountry "ISR"]
[SourceTitle "EXT 2023"]
[Source "ChessBase"]
[SourceDate "2022.10.05"]
[SourceVersion "1"]
[SourceVersionDate "2022.10.05"]
[SourceQuality "1"]
[WhiteTeam "Haifa Nesher"]
[BlackTeam "Beer Sheva"]
[WhiteTeamCountry "ISR"]
[BlackTeamCountry "ISR"]

1. e4 c6 2. d4 d5 3. exd5 cxd5 4. Nf3 Nf6 5. Ne5 Nbd7 6. c3 g6 7. Bd3 Bg7 8. Qe2 Nxe5 9. dxe5 Nd7 10. f4 Nc5 11. Bb5+ Bd7 12. Be3 Rc8 13. Nd2 0-0 14. Bxd7 Qxd7 15. 0-0 b5 16. Rfd1 Qb7 17. Nb3 Ne4 18. Rd4 a6 19. Rb4 f6 20. e6 f5 21. Bd4 Bxd4+ 22. Nxd4 Rc4 23. Rxc4 bxc4 24. Rc1 Qb6 25. Kh1 Rb8 26. Rc2 Nxc3 27. Qe5 Ne4 28. g4 fxg4 29. f5 Qd6 30. Qxd6 Nxd6 31. Nc6 Rb7 32. fxg6 hxg6 33. Rd2 Nf5 34. Ne5 Kg7 35. Rxd5 c3 36. Rd7 Rxd7 37. exd7 cxb2 0-1

[Event "ISR-chT"]
[Site "Israel"]
[Date "2022.01.21"]
[Round "3.1"]
[White "Gov, Guy"]
[Black "Kundin, Alexander"]
[Result "1/2-1/2"]
[WhiteElo "2225"]
[BlackElo "2329"]
[PlyCount "73"]
[EventDate "2022.01.14"]
[EventType "team-tourn"]
[EventRounds "11"]
[EventCountry "ISR"]
[SourceTitle "EXT 2023"]
[Source "ChessBase"]
[SourceDate "2022.10.05"]
[SourceVersion "1"]
[SourceVersionDate "2022.10.05"]
[SourceQuality "1"]
[WhiteTeam "Haifa Nesher"]
[BlackTeam "Rishon Le Zion"]
[WhiteTeamCountry "ISR"]
[BlackTeamCountry "ISR"]

1. e4 c5 2. Nf3 Nc6 3. Bc4 e6 4. 0-0 Nf6 5. e5 Ng4 6. Re1 Qc7 7. Qe2 d6 8. exd6 Bxd6 9. h3 Nge5 10. Nxe5 Nxe5 11. Nc3 Nxc4 12. Qxc4 Bd7 13. Ne4 0-0 14. Nxd6 Qxd6 15. d3 Bc6 16. Be3 b6 17. d4 cxd4 18. Qxd4 Qxd4 19. Bxd4 Rfd8 20. Be3 b5 21. Rec1 Bd5 22. a4 a6 23. b3 Kf8 24. axb5 axb5 25. Rxa8 Rxa8 26. c4 bxc4 27. bxc4 Bc6 28. Rb1 Ke8 29. Rb2 f6 30. f3 Ra4 31. Rb8+ Kf7 32. c5 Ra2 33. Rc8 Bd5 34. Rc7+ Kg6 35. Rd7 Rc2 36. Bf2 h5 37. Be3 1/2-1/2

[Event "ISR-chT"]
[Site "Israel"]
[Date "2022.01.14"]
[Round "1.2"]
[White "Gov, Guy"]
[Black "Veinberg, Nimrod"]
[Result "1/2-1/2"]
[WhiteElo "2225"]
[BlackElo "2397"]
[PlyCount "83"]
[EventDate "2022.01.14"]
[EventType "team-tourn"]
[EventRounds "11"]
[EventCountry "ISR"]
[SourceTitle "EXT 2023"]
[Source "ChessBase"]
[SourceDate "2022.10.05"]
[SourceVersion "1"]
[SourceVersionDate "2022.10.05"]
[SourceQuality "1"]
[WhiteTeam "Haifa Nesher"]
[BlackTeam "Rehovot"]
[WhiteTeamCountry "ISR"]
[BlackTeamCountry "ISR"]

1. Nf3 d5 2. b3 Bg4 3. Ne5 Bf5 4. d4 Nd7 5. Nxd7 Qxd7 6. e3 Nf6 7. Ba3 a5 8. Bd3 g6 9. Nc3 Bg7 10. 0-0 0-0 11. Bxf5 gxf5 12. Na4 b6 13. Rc1 Rfe8 14. Nb2 Ne4 15. c4 a4 16. bxa4 dxc4 17. Rxc4 b5 18. Rc2 Reb8 19. Nd3 Rxa4 20. Nc5 Nxc5 21. Bxc5 b4 22. Qd2 e6 23. Rb1 Bf8 24. h3 Rb5 25. Bxf8 Kxf8 26. Qc1 Ra7 27. Rbb2 Kg8 28. Rc4 Qd6 29. Rc6 Qe7 30. Rbc2 Rbb7 31. Qb1 Ra3 32. Rb2 Rba7 33. Rcc2 R3a4 34. Rc4 Kg7 35. Rbc2 Qd6 36. Rc5 Qa6 37. Rxc7 Rxc7 38. Rxc7 Rxa2 39. Qxb4 Qe2 40. Qb7 Qxf2+ 41. Kh2 Kg6 42. Rxf7 1/2-1/2

[Event "ISR-ch op"]
[Site "Safed"]
[Date "2021.12.15"]
[Round "8"]
[White "Gov, Guy"]
[Black "Iliaguev, Nisim"]
[Result "0-1"]
[WhiteElo "2131"]
[BlackElo "2331"]
[PlyCount "58"]
[EventDate "2021.12.08"]
[EventType "swiss"]
[EventRounds "9"]
[EventCountry "ISR"]
[SourceTitle "CBM 205 Extra"]
[Source "ChessBase"]
[SourceDate "2022.01.31"]
[SourceVersion "1"]
[SourceVersionDate "2022.01.31"]
[SourceQuality "1"]

1. Nf3 c5 2. b3 Nf6 3. Bb2 e6 4. e3 Nc6 5. d4 cxd4 6. exd4 Bb4+ 7. c3 Be7 8. Bd3 0-0 9. 0-0 b6 10. Nbd2 a5 11. Qe2 Bb7 12. a4 Rc8 13. Nc4 Ba6 14. Rfe1 d5 15. Ncd2 Bxd3 16. Qxd3 Qc7 17. Ne5 Nxe5 18. dxe5 Nd7 19. Qg3 Nc5 20. Re3 f6 21. c4 f5 22. Ree1 dxc4 23. bxc4 Rfd8 24. Red1 Rd3 25. Nf3 Rxd1+ 26. Rxd1 Nxa4 27. Bc1 Nc3 28. Re1 Qxc4 29. Bh6 Qg4 0-1

[Event "ISR-ch U18"]
[Site "HaKfar HaYarok"]
[Date "2021.03.25"]
[Round "8"]
[White "Cohen Revivo, Shoham"]
[Black "Gov, Guy"]
[Result "0-1"]
[WhiteElo "2171"]
[BlackElo "2095"]
[PlyCount "90"]
[EventDate "2021.03.19"]
[EventType "swiss"]
[EventRounds "9"]
[EventCountry "ISR"]
[SourceTitle "EXT 2022"]
[Source "ChessBase"]
[SourceDate "2021.10.06"]
[SourceVersion "1"]
[SourceVersionDate "2021.10.06"]
[SourceQuality "1"]

1. b3 b6 2. Bb2 Bb7 3. Nf3 Nf6 4. c4 c5 5. e3 e6 6. Be2 Be7 7. 0-0 0-0 8. d4 d5 9. cxd5 Nxd5 10. dxc5 Bxc5 11. Nc3 Nxc3 12. Bxc3 Qe7 13. Qb1 Bb4 14. Bb2 Nd7 15. a3 Bd6 16. Rd1 Nc5 17. b4 Na4 18. Rxd6 Qxd6 19. Be5 Qc6 20. Qf1 Nc3 21. Bd3 Rac8 22. h4 f6 23. Bh2 e5 24. Bf5 Rcd8 25. h5 Bc8 26. Bc2 Bg4 27. Bb3+ Kh8 28. h6 Bxf3 29. hxg7+ Kxg7 30. gxf3 Qxf3 31. Qg2+ Qxg2+ 32. Kxg2 Rd2 33. Kf3 Rb2 34. Be6 Rb1 35. Rxb1 Nxb1 36. a4 a5 37. b5 Nc3 38. Bb3 Rd8 39. Kg4 Rd2 40. Bg3 Rb2 41. Be6 Rb4+ 42. Kf5 Ne4 43. Bd5 Nxg3+ 44. fxg3 Rxa4 45. Ke6 Rb4 0-1

[Event "Netanya op"]
[Site "Netanya"]
[Date "2019.06.30"]
[Round "7"]
[White "Sheinkman, Lidan"]
[Black "Gov, Guy"]
[Result "0-1"]
[WhiteElo "1874"]
[BlackElo "2024"]
[PlyCount "58"]
[EventDate "2019.06.23"]
[EventType "swiss"]
[EventRounds "9"]
[EventCountry "ISR"]
[SourceTitle "CBM 191 Extra"]
[Source "ChessBase"]
[SourceDate "2019.09.30"]
[SourceVersion "1"]
[SourceVersionDate "2019.09.30"]
[SourceQuality "1"]

1. d4 Nf6 2. Nf3 e6 3. Bg5 h6 4. Bh4 Be7 5. Nbd2 b6 6. e4 Bb7 7. Bd3 d6 8. c3 Nbd7 9. Qe2 Nh5 10. Bxe7 Qxe7 11. Qe3 g5 12. 0-0-0 Nf4 13. g3 Nxd3+ 14. Qxd3 a5 15. Rhe1 Ba6 16. Qe3 Nf6 17. e5 Nd5 18. Qe4 b5 19. Kb1 Rb8 20. Ka1 a4 21. a3 Qd7 22. exd6 Qxd6 23. Ne5 0-0 24. h4 Nxc3 25. bxc3 Qxa3+ 26. Kb1 b4 27. c4 b3 28. Ndf3 Qa2+ 29. Kc1 b2+ 0-1

[Event "Jerusalem Japhet Memorial op 4th"]
[Site "Jerusalem"]
[Date "2018.07.03"]
[Round "4"]
[White "Gluhovsky, Mark"]
[Black "Gov, Guy"]
[Result "1-0"]
[WhiteElo "2308"]
[BlackElo "1872"]
[PlyCount "53"]
[EventDate "2018.07.01"]
[EventType "swiss"]
[EventRounds "7"]
[EventCountry "ISR"]
[SourceTitle "CBM 185 Extra"]
[Source "ChessBase"]
[SourceDate "2018.07.29"]
[SourceVersion "1"]
[SourceVersionDate "2018.07.29"]
[SourceQuality "1"]

1. e4 e5 2. Nc3 Nf6 3. g3 d5 4. exd5 Nxd5 5. Bg2 Nxc3 6. bxc3 Bd6 7. Nf3 0-0 8. 0-0 Nd7 9. Re1 h6 10. d4 exd4 11. cxd4 Nb6 12. Qd3 Be6 13. Bxh6 gxh6 14. Rxe6 fxe6 15. Qg6+ Kh8 16. Qxh6+ Kg8 17. Qg6+ Kh8 18. Ng5 Qe7 19. Re1 Rf6 20. Qh5+ Kg8 21. Bh3 e5 22. Re4 Qg7 23. Be6+ Kf8 24. dxe5 Qh6 25. Nh7+ Kg7 26. exf6+ Kxh7 27. Bf5+ 1-0